MDQL
is popping MORE tags! Check the
thread
!
Quizzes
Events
Quiz Creation
Community
Videos
Private Events
Remove Ads
Sign In
Join for FREE
Feedback
Dark Mode
Quiz Categories
Sports
Geography
Music
Movies
Television
Just For Fun
Miscellaneous
History
Literature
Language
Science
Gaming
Entertainment
Religion
Holiday
For Kids
Quiz Lab
Recent
Popular Today
Quiz Kudos Today
Editor Picks
Curator Picks
Quizzes by...
Day
Popularity
Type
Ratings
Length
Year
Community
Subscriptions
Recent Discussions
Orange Saloon
Badges
Playlists
Quests
Create
Leaderboards
Showdown
Live 5
Trivia Bingo
Activity
Puzzle Library
Sporcle Events
Private Events
Virtual Trivia
Globe League
Become a Host
Pub Owners
SporcleCon
Opinionation
Our Games
Videos
Blog
Mobile Apps
Partnerships
Remove Ads and Go Orange
Feedback
Movies
Disney
Marvel Cinematic Universe
Movie Resume
Movie Titles
Oscar
Actor
Actress
Director
Pixar
Role
Movie Quotes
Movie Characters
Box Office
Nominee
Best Picture
Star Wars
James Bond
Horror Movies
Movies
Disney
Marvel Cinematic Universe
Movie Resume
Movie Titles
Oscar
Actor
Actress
Director
Pixar
Role
Movie Quotes
Movie Characters
Box Office
Nominee
Best Picture
Star Wars
James Bond
Horror Movies
Random Quiz
Search Sporcle
×
Quiz Lab
Quiz Lab
Movies
kan
Type in answers that appear in a list
Type in answers that appear in a list
Classic
Best Score? Go Orange.
Amandaprisen for 'Beste norske kinofilm' Stats
Hvor mange Amanda-prisvinnere kan du navngi?
By
paddyw
10m
31 Questions
16 Plays
16 Plays
16 Plays
Comments
Comments
Give Quiz Kudos
Give Quiz Kudos
-
- Ratings
hide this ad
Replay
Link that replays current quiz
Next Quiz
Link to next quiz in quiz playlist
You Got
0%
They Got
Avg Score
29%
Avg Friend Score
Upgrade to see
Score Distribution
Jump to the score distribution portion of the page
Score
0/31
Timer
10:00
0
Plays Today
Hint
Film
% Correct
Med Kristoffer Joner og Ane Dahl Torp
Bølgen
75%
Med Sverre Anker Ousdal og Helge Jordal
Orions Belte
68.8%
Med Mikkel Gaup og Nils Utsi
Veiviseren
62.5%
Av Joachim Rønning og Espen Sandberg
Max Manus
56.3%
Med Nicolai Cleve Broch og Aksel Hennie
Buddy
50%
Med Rolf Kristian Larsen
Mannen som elsket Yngve
50%
Med Anders Baasmo Christiansen
Børning
50%
Av Even Benestad
Alt om min far
43.8%
Av Christopher Nielsen
Slipp Jimmy fri!
43.8%
Med Frøydis Armand og Anne Marie Ottersen
Hustruer – ti år etter
37.5%
Av Bent Hamer
Eggs
37.5%
Berlevåg Mannsangforening
Heftig og begeistret
37.5%
Av Joachim Trier
Reprise
37.5%
Med Anders Danielsen Lie og Bjørn Floberg
Herman
31.3%
Av Pål Sletaune
Budbringeren
31.3%
Av Bent Hamer
Salmer fra kjøkkenet
31.3%
Hint
Film
% Correct
Med Trond Espen Seim og Jan Gunnar Røise
Hawaii Oslo
25%
Med Stellan Skarsgård og Kristoffer Joner
Kongen av Bastøy
25%
Med Lene Elise Bergum og Morten Abel
Hodet over vannet
18.8%
Basert på en roman av Anne Holt
Salige er de som tørster
18.8%
Av Thomas Robsahm
S.O.S
18.8%
Av Sara Johnsen
Upperdog
18.8%
Med Maria Kvalheim
Frida - med hjertet i hånden
12.5%
Med Stellan Skarsgård og Bjørn Sundquist
Kjærlighetens kjøtere
12.5%
Med Bettina Banoun og Jørn Christensen
X
6.3%
Med Espen Skjønberg og Nicolay Lange-
Nielsen
En håndfull tid
6.3%
Av Torun Lian
Bare skyer beveger stjernene
6.3%
Med Helene Bergsholm og Henriette Steenstrup
Få meg på, for faen!
6.3%
Med Ane Dahl Torp og Henriette Steenstrup
Som du ser meg
6.3%
Av Sigve Endresen
For harde livet
0%
Med Juliette Binoche og Mads Ousdal
Tusen ganger god natt
0%
Quiz Playlist
Details
Report
Send in Message
Add To Playlist
Classic:
Type in answers that appear in a list
Last Updated: Jul 24, 2017
Quiz Scoreboard
CHALLENGE
Sign Up to Join the Scoreboard
Show All
Scores
Hide
Comments
May contain spoilers
Recently Published
Holiday 10x10 Sorting Gallery
by lukepisani3
Holiday
15m
Two Season TV Shows II
by 123Four
Television
10m
Image Sorting: Flags VI
by Barbecue
Geography
2m
More to Explore
Quiz From the Vault
Featured Blog Post
14 Easter Pick-up Lines to Find Eggs With
hide this ad
You Might Also Like...
Tags
kan
Today's Top Quizzes in Movies
Browse Movies
hide this ad
Top Contributed Quizzes in Movies
1
The ultimate James Bond movie quiz
2
Find The 'Big' Movie
3
Find The 'Wild' Movie
4
Find The 'Blue' Movie
5
Movies By Plot
6
Hidden Star Wars Character II
7
Hidden Star Wars Character III
8
25 Best Actor Nominees (1990s)
9
Hidden Star Wars Character IV
10
Pick 5 Posters: Directed by Spielberg
Explore More
Trending Topics
Harry Potter
NBA
Marvel
Anime
Crossword
Kpop
Disney
Pokémon
Soccer
Country
NFL
The Office
WWE
Song
Puzzle
hide this ad
More By:
paddyw
Quiz
Plays
Rating
Category
Featured
Created
Highest Rated FIFA Players Per Year
36,617
4.73
Gaming
Jun 8, 2018
Norske byer
2,542
5.00
Geography
Jul 24, 2017
Norges tropp til VM i fotball 1998
755
Sports
Jul 26, 2017
Norges største fotballstadioner
640
2.00
Sports
Aug 1, 2017
Årets spiller i norsk fotball
458
Sports
Jun 8, 2018
Go to Creator's Profile
Score Distribution
Quiz Creator Spotlight
paddyw
Follow
Send a Message
Quizzes Created
-
Created Quiz Play Count
-
More By This Creator
Popular Quizzes Today
1
Find the US States - No Outlines Minefield
2
Colored Red Africa Blitz
3
Find the 'City' Movie
4
The Countries of the World
5
5x2 Blitz: Bands
6
Find the Countries of Europe - No Outlines Minefield
7
Find the US States
8
US States
More Movies Quizzes
Click the C Actor Movie (Level 3: Hard)
Quiz Lab
Trending Quizzes
Colored Red Europe Blitz I
Colored Red Africa Blitz II
Colored Red Europe Blitz II
Even More Two Season TV Shows
Colored Red Africa Blitz III
Recently Updated
Quick Pick: 20 Twenties
pecheneg
March Madness Men's Triple Doubles
pecheneg
How Do You Spell That?
pecheneg
Godzilla Movies
pecheneg
Grab Bag: 4-10 Letters
pecheneg
2024 March Madness Bracket
pecheneg
Famous TV Couples
Peacemaker
Champions League XIs: Real Madrid
pecheneg
Largest US Cities 1790-2010
pecheneg
Rides in Walt Disney World
pecheneg
Trending Topics
Marvel
Harry Potter
Disney
Kpop
NBA
Anime
Crossword
Soccer
Country
The Office
Pokémon
Song
Puzzle
WWE
NFL
Your Account Isn't Verified!
In order to create a playlist on Sporcle, you need to verify the email address you used during registration. Go to your
Sporcle Settings
to finish the process.
Report this User
Report this user for behavior that violates our
Community Guidelines
.
Details:
Send Report
Go to the Sporcle.com Mobile Site →
Comments